000 00455nam a2200181Ia 4500
005 20250508152821.0
008 008 250505s9999 xx 000 0 eng d
037 _aTextual
040 _aFEDL
_beng
_cFEDL
041 _aeng
_2eng
084 _a610.3, SEN
_qFEDL
100 _aGupta S C Sen
_9581631
245 0 _aDictionary of medicine
260 _c1944
300 _a114p.
942 _cTEXL
_h610.3, SEN
999 _c1338932
_d1338932